[Event "Karnevals-Open"]
[Site "Solingen"]
[Date "2012.02.17"]
[Round "1.1"]
[White "Seger, Rüdiger"]
[Black "Gröne, Lars"]
[Result "1-0"]
[WhiteElo "2390"]
[BlackElo "1894"]
[PlyCount "49"]
[EventDate "2012.??.??"]
[WhiteTeam "SG Trier"]
[BlackTeam "SVG Salzgitter e.V."]

1. e4 c5 2. c3 d5 3. exd5 Qxd5 4. d4 Nf6 5. Nf3 e6 6. Be3 cxd4 7. cxd4 Nc6 8.
Nc3 Qd8 9. Bd3 Be7 10. O-O O-O 11. a3 a6 12. Qc2 Bd7 13. Rad1 Rc8 14. Rfe1 b5
15. Qe2 Qc7 16. Bg5 Rfe8 17. Bb1 Na5 18. Ne5 Bc6 19. Rd3 Bb7 20. Rh3 g6 21.
Nxf7 Kxf7 22. Qxe6+ Kg7 23. Bh6+ Kh8 24. Qf7 Nh5 25. Rxh5 1-0

[Event "Karnevals-Open"]
[Site "Solingen"]
[Date "2012.02.17"]
[Round "1.2"]
[White "Lasschuit, René"]
[Black "Coenen, Michael"]
[Result "0-1"]
[WhiteElo "1873"]
[BlackElo "2296"]
[PlyCount "80"]
[EventDate "2012.??.??"]
[BlackTeam "SG Hochneukirch"]

1. d4 Nf6 2. Nf3 b6 3. g3 e6 4. Bg2 Bb7 5. O-O c5 6. c4 cxd4 7. Qxd4 Bc5 8. Qd3
Be4 9. Qb3 O-O 10. Be3 Na6 11. Rd1 Bb7 12. a3 Rc8 13. Bf4 d5 14. Ne5 Qe7 15.
Nc3 dxc4 16. Nxc4 Bxg2 17. Kxg2 Rfd8 18. Rxd8+ Rxd8 19. Rd1 Nd5 20. Nxd5 exd5
21. Ne5 Qb7 22. Kg1 Nc7 23. Nf3 Ne6 24. Be5 a5 25. e3 b5 26. Bd4 a4 27. Qd3 Bf8
28. Bc3 b4 29. Bxb4 Bxb4 30. axb4 Qxb4 31. Qa3 Qg4 32. Kg2 Ng5 33. e4 Nxf3 34.
Qxf3 Qxf3+ 35. Kxf3 dxe4+ 36. Ke2 Rxd1 37. Kxd1 f5 38. Ke2 Kf7 39. f3 Ke6 40.
h4 Kd5 0-1

[Event "Karnevals-Open"]
[Site "Solingen"]
[Date "2012.02.17"]
[Round "1.3"]
[White "Kniest, Oliver"]
[Black "Reksten, Daniel"]
[Result "1-0"]
[WhiteElo "2293"]
[BlackElo "1857"]
[PlyCount "81"]
[EventDate "2012.??.??"]
[WhiteTeam "SG Solingen e.V."]
[BlackTeam "SG Solingen e.V."]

1. d4 d5 2. c4 e6 3. Nc3 Be7 4. cxd5 exd5 5. Bf4 Nf6 6. e3 O-O 7. Bd3 c6 8. h3
Re8 9. Qc2 Nbd7 10. Nge2 Nf8 11. g4 c5 12. dxc5 Bxc5 13. O-O-O Be6 14. Kb1 Rc8
15. Bb5 N6d7 16. Qd3 a6 17. Ba4 b5 18. Bb3 Nb6 19. Nxd5 Ng6 20. Bg3 Nxd5 21.
Bxd5 Bxd5 22. Qxd5 Qb6 23. Bd6 a5 24. Bxc5 Rxc5 25. Qd7 Rec8 26. Rc1 Rxc1+ 27.
Rxc1 Rxc1+ 28. Nxc1 Nf8 29. Qd5 h6 30. Nd3 Ne6 31. Ne5 b4 32. Qd7 Qa6 33. Qxf7+
Kh8 34. Qe8+ Kh7 35. Qg6+ Kh8 36. Qd3 Qb7 37. f3 a4 38. Qc4 Qb6 39. Ng6+ Kh7
40. Qxe6 Qd8 41. Qd7 1-0

[Event "Karnevals-Open"]
[Site "Solingen"]
[Date "2012.02.17"]
[Round "1.4"]
[White "Imcke, Patrick"]
[Black "Nagel, Bernhard"]
[Result "0-1"]
[WhiteElo "1854"]
[BlackElo "2281"]
[PlyCount "46"]
[EventDate "2012.??.??"]
[WhiteTeam "Sportfreunde Katernberg 1913 e.V"]
[BlackTeam "Wiesbadener SV 1885"]

1. e4 e5 2. Nf3 Nc6 3. d4 exd4 4. Nxd4 Nf6 5. Nc3 Bb4 6. Nxc6 bxc6 7. Bd3 d5 8.
exd5 cxd5 9. O-O O-O 10. Bg5 c6 11. Ne2 h6 12. Bh4 Bd6 13. c4 Bxh2+ 14. Kxh2
Ng4+ 15. Kg3 g5 16. Rh1 Qf6 17. f4 gxh4+ 18. Rxh4 Qg7 19. Kf3 Re8 20. g3 dxc4
21. Be4 Nf6 22. f5 Nxe4 23. Rxe4 Bxf5 0-1

[Event "Karnevals-Open"]
[Site "Solingen"]
[Date "2012.02.17"]
[Round "1.5"]
[White "Wolter, Kai"]
[Black "Vranidis, Athanassios"]
[Result "1-0"]
[WhiteElo "2240"]
[BlackElo "1845"]
[PlyCount "61"]
[EventDate "2012.??.??"]
[WhiteTeam "SK Münster 32 e.V."]
[BlackTeam "SG Solingen e.V."]

1. e4 c5 2. Nf3 d6 3. d4 cxd4 4. Nxd4 Nf6 5. Nc3 a6 6. Be2 e5 7. Nb3 Be7 8. O-O
Be6 9. f4 Qc7 10. Kh1 Nbd7 11. a4 O-O 12. f5 Bc4 13. g4 d5 14. exd5 Nb6 15. g5
Nfxd5 16. Ne4 Rfd8 17. Bxc4 Qxc4 18. Qf3 f6 19. Rg1 Kh8 20. g6 h6 21. Na5 Qxc2
22. Nxb7 Rd7 23. Rg2 Qc7 24. Bxh6 Bb4 25. Bg5 Qxb7 26. Qh5+ Kg8 27. Qh7+ Kf8
28. Bxf6 Nxf6 29. Nxf6 gxf6 30. g7+ Rxg7 31. Qh8+ 1-0

[Event "Karnevals-Open"]
[Site "Solingen"]
[Date "2012.02.17"]
[Round "1.6"]
[White "Rosenauer, Horst"]
[Black "Schulz, Wilhelm"]
[Result "1-0"]
[WhiteElo "1836"]
[BlackElo "2215"]
[PlyCount "178"]
[EventDate "2012.??.??"]
[WhiteTeam "Bergische SF 1923 Ber"]
[BlackTeam "SV Horrem 1948"]

1. e4 e5 2. Nf3 Nc6 3. Bb5 a6 4. Ba4 Nf6 5. O-O Be7 6. Re1 b5 7. Bb3 O-O 8. c3
d5 9. exd5 Nxd5 10. Nxe5 Nxe5 11. Rxe5 c6 12. d4 Bd6 13. Re1 Qh4 14. g3 Qh3 15.
Be3 Bg4 16. Qd3 f5 17. Qf1 Qh5 18. f4 Kh8 19. Bxd5 cxd5 20. Nd2 Rae8 21. Qg2
Rd8 22. a4 g5 23. Qf2 Rd7 24. axb5 axb5 25. Nb3 Rg7 26. Nc5 Re7 27. Nd3 Rfe8
28. Ne5 Bh3 29. Qe2 Qxe2 30. Rxe2 Kg7 31. Ra6 Bc7 32. Bd2 gxf4 33. Bxf4 Kg8 34.
Kf2 Bg4 35. Re1 Bh5 36. Rea1 Re6 37. Rxe6 Rxe6 38. Ra7 Bb6 39. Rd7 b4 40. Rxd5
Be8 41. Nd7 bxc3 42. bxc3 Ba7 43. Bg5 Kg7 44. Nc5 Rb6 45. Bd2 Rb2 46. Ke3 Kf6
47. Nd3 Rb3 48. Ra5 Bb8 49. Nb4 Bf7 50. Ra6+ Kg7 51. Rb6 Bc7 52. Rb7 Bd8 53. h4
Kg6 54. Kd3 Ba5 55. Kc2 Bxb4 56. Rxb4 Rxb4 57. cxb4 Bd5 58. b5 Kf6 59. Kc3 Ke6
60. Bf4 Ba2 61. Kb4 Kd5 62. Be5 Bc4 63. Bg7 h5 64. b6 Ba6 65. Ka5 Bb7 66. Kb5
Bc8 67. Bf6 Bb7 68. Kb4 Ba6 69. Kc3 Kc6 70. Bd8 Kd5 71. Bc7 Ke4 72. Bd6 Kd5 73.
Bc5 Kc6 74. Kd2 Kd5 75. Ke3 Bb7 76. Kf4 Ke6 77. Kg5 Bf3 78. b7 Bxb7 79. Kxh5
Kf6 80. Bd6 Bf3+ 81. Kh6 Bg4 82. Be5+ Kf7 83. Kg5 Bh3 84. h5 Kg8 85. d5 Bg2 86.
d6 Bc6 87. Kxf5 Kf7 88. h6 Ba4 89. Bd4 Bc2+ 1-0

[Event "Karnevals-Open"]
[Site "Solingen"]
[Date "2012.02.17"]
[Round "1.7"]
[White "Peters, Alex"]
[Black "Peter, Laurenz"]
[Result "1-0"]
[WhiteElo "2208"]
[BlackElo "1826"]
[PlyCount "81"]
[EventDate "2012.??.??"]
[WhiteTeam "Brühler SK 1920 e.V."]
[BlackTeam "Sportgemeinschaft Kaarst 1912/35"]

1. e3 c5 2. b3 e6 3. Bb2 Nf6 4. f4 b6 5. Be2 Bb7 6. Bf3 d5 7. Ne2 Nc6 8. O-O h5
9. d3 Ne7 10. Qe1 Qd7 11. Nd2 Nf5 12. Ng3 Nh4 13. Bd1 c4 14. Bxf6 gxf6 15. Nxh5
Nxg2 16. Kxg2 O-O-O 17. d4 e5 18. f5 Bb4 19. Qf2 exd4 20. exd4 c3 21. Nb1 Qc7
22. Kh1 Rh6 23. Qf4 Rdh8 24. Qxc7+ Kxc7 25. a3 Bd6 26. Nxc3 Rxh5 27. Bxh5 Rxh5
28. Nb5+ Kd7 29. Nxd6 Kxd6 30. Rf4 Ba6 31. h4 Bc8 32. Raf1 a5 33. Kh2 Bd7 34.
Kg3 Bb5 35. R1f2 Rh8 36. Rh2 Re8 37. h5 Re3+ 38. Rf3 Re4 39. h6 Be2 40. h7 Bxf3
41. Kxf3 1-0

[Event "Karnevals-Open"]
[Site "Solingen"]
[Date "2012.02.17"]
[Round "1.8"]
[White "Grasse, Herbert"]
[Black "Kappelt, Jörg"]
[Result "0-1"]
[WhiteElo "1805"]
[BlackElo "2149"]
[PlyCount "48"]
[EventDate "2012.??.??"]
[WhiteTeam "SV Kamen 1930"]
[BlackTeam "SV 1922 Hilden"]

1. Nf3 d6 2. d3 e5 3. e4 f5 4. Nbd2 Nf6 5. g3 g6 6. Bg2 Bg7 7. O-O O-O 8. Nh4
f4 9. Nhf3 Nh5 10. a4 Bg4 11. c3 Rf7 12. Qb3 Nd7 13. d4 exd4 14. Nxd4 Nc5 15.
Qc4 Qe7 16. b4 Be6 17. Qe2 Nd7 18. N2f3 Ne5 19. Nxe6 Qxe6 20. Ng5 f3 21. Qc2
Qf6 22. Nxf7 fxg2 23. Nxe5 gxf1=Q+ 24. Kxf1 Qxe5 0-1

[Event "Karnevals-Open"]
[Site "Solingen"]
[Date "2012.02.17"]
[Round "1.9"]
[White "König, Falk"]
[Black "Der, Josef"]
[Result "1-0"]
[WhiteElo "2147"]
[BlackElo "1798"]
[PlyCount "43"]
[EventDate "2012.??.??"]
[WhiteTeam "SF Vonkeln 1931"]
[BlackTeam "Düsseldorfer SK 14/25 e."]

1. e4 c5 2. c3 e5 3. Nf3 Nc6 4. Bc4 h6 5. O-O Nf6 6. Re1 Be7 7. d4 cxd4 8. cxd4
exd4 9. e5 Nh7 10. Nxd4 O-O 11. Nf5 Ng5 12. Qh5 d5 13. exd6 Bxf5 14. dxe7 Nxe7
15. Bxg5 hxg5 16. Qxg5 Be6 17. Bxe6 fxe6 18. Nc3 Rf5 19. Qe3 Rf6 20. Rad1 Qe8
21. Ne4 Rh6 22. Qxh6 1-0

[Event "Karnevals-Open"]
[Site "Solingen"]
[Date "2012.02.17"]
[Round "1.10"]
[White "Sloka, Andreas"]
[Black "Bröhl, Stephan"]
[Result "0-1"]
[WhiteElo "1796"]
[BlackElo "2140"]
[PlyCount "50"]
[EventDate "2012.??.??"]
[WhiteTeam "Krefelder SK Turm 1851 e"]
[BlackTeam "Godesberger SK 1929 e.V."]

1. d4 d5 2. c4 c6 3. Nf3 Nf6 4. Nc3 dxc4 5. a4 Bf5 6. e3 e6 7. Bxc4 Bb4 8. O-O
O-O 9. Bd2 Qe7 10. Rc1 Nbd7 11. h3 h6 12. Qe2 Bh7 13. Rfd1 e5 14. dxe5 Nxe5 15.
Nxe5 Qxe5 16. f3 Bc5 17. Kh1 Nh5 18. Be1 Qxe3 19. Qxe3 Bxe3 20. Bd2 Bd4 21. Re1
Rad8 22. Re7 Bf6 23. Rxb7 Rxd2 24. Rxa7 Rxb2 25. Rc7 Ng3+ 0-1

[Event "Karnevals-Open"]
[Site "Solingen"]
[Date "2012.02.17"]
[Round "1.11"]
[White "Biedeköpper, Robert"]
[Black "Westendorp, Christian"]
[Result "1-0"]
[WhiteElo "2111"]
[BlackElo "1784"]
[PlyCount "79"]
[EventDate "2012.??.??"]
[WhiteTeam "Godesberger SK 1929 e.V."]
[BlackTeam "TUS 08 Rheinberg e.V."]

1. d4 Nf6 2. c4 e6 3. Nc3 Bb4 4. Qb3 c5 5. Nf3 Nc6 6. dxc5 Qa5 7. Bd2 Qxc5 8.
a3 Bxc3 9. Bxc3 Ne4 10. e3 Nxc3 11. Qxc3 O-O 12. b4 Qh5 13. Be2 d5 14. b5 Ne7
15. c5 f6 16. O-O Bd7 17. Qb4 a5 18. Qa4 Rfc8 19. Rfc1 e5 20. Rc3 b6 21. Rac1
bxc5 22. Rxc5 Qe8 23. Qd1 Rxc5 24. Rxc5 a4 25. h3 Ra5 26. Qd2 Qd8 27. Qb4 Qb6
28. Nd2 Be6 29. e4 Ra8 30. Rc1 Kf7 31. exd5 Nxd5 32. Nc4 Qd8 33. Qc5 Nf4 34.
Nd6+ Kg8 35. Bc4 Qe7 36. b6 Kf8 37. b7 Rb8 38. Bxe6 Nxe6 39. Qc8+ Rxc8 40.
bxc8=Q+ 1-0

[Event "Karnevals-Open"]
[Site "Solingen"]
[Date "2012.02.17"]
[Round "1.12"]
[White "Herzum, Peter"]
[Black "Flesch, Dr. Stefan"]
[Result "1/2-1/2"]
[WhiteElo "1782"]
[BlackElo "2110"]
[PlyCount "91"]
[EventDate "2012.??.??"]
[WhiteTeam "Düsseldorfer Schachklub 14/25 e."]
[BlackTeam "Düsseldorfer SK 14/25 e."]

1. e4 g6 2. d4 Bg7 3. Nc3 d6 4. Be3 a6 5. f4 Nd7 6. Nf3 b5 7. a3 Bb7 8. Bd3 c5
9. d5 Nb6 10. Rb1 Nf6 11. O-O O-O 12. h3 Rc8 13. Qe1 Nfd7 14. Qh4 e6 15. Qxd8
Rfxd8 16. dxe6 fxe6 17. Ng5 Nf8 18. f5 Bd4 19. Bxd4 cxd4 20. Ne2 gxf5 21. Nxd4
fxe4 22. Nxe4 Bxe4 23. Bxe4 d5 24. Bd3 e5 25. Nf5 Rc7 26. c3 e4 27. Be2 Ng6 28.
Nd4 Rd6 29. Rf5 Rf7 30. Rbf1 Rxf5 31. Rxf5 Na4 32. Bg4 Nxb2 33. Rxd5 Rxd5 34.
Be6+ Kf8 35. Bxd5 e3 36. Nc2 e2 37. Bf3 Nf4 38. Kf2 Na4 39. Bxe2 Nxc3 40. Bf1
Ke7 41. Nb4 Nb1 42. Nxa6 Nxa3 43. Nc7 Kd6 44. Nxb5+ Nxb5 45. Bxb5 Nxh3+ 46.
gxh3 1/2-1/2

[Event "Karnevals-Open"]
[Site "Solingen"]
[Date "2012.02.17"]
[Round "1.13"]
[White "Philippe, Denis-Emanuel"]
[Black "Backes, Jürgen"]
[Result "1-0"]
[WhiteElo "2103"]
[BlackElo "1739"]
[PlyCount "55"]
[EventDate "2012.??.??"]
[BlackTeam "vereinslos"]

1. d4 Nf6 2. Nf3 g6 3. Nc3 d5 4. Bf4 c6 5. e3 Bg7 6. Be2 Bf5 7. Qd2 Ne4 8. Nxe4
Bxe4 9. O-O Nd7 10. Ng5 Nf6 11. Nxe4 Nxe4 12. Qb4 Qb6 13. a3 Qxb4 14. axb4 g5
15. Be5 Bxe5 16. dxe5 Kd7 17. f3 Nd2 18. Rfd1 Nb3 19. cxb3 a6 20. Rd4 e6 21. f4
h5 22. fxg5 h4 23. Rf1 Ke7 24. Rdf4 Raf8 25. g6 fxg6 26. Rxf8 Rxf8 27. Rxf8
Kxf8 28. Kf2 1-0

[Event "Karnevals-Open"]
[Site "Solingen"]
[Date "2012.02.17"]
[Round "1.14"]
[White "Buckels, Valentin"]
[Black "Täger, Torsten"]
[Result "1/2-1/2"]
[WhiteElo "1716"]
[BlackElo "2095"]
[PlyCount "98"]
[EventDate "2012.??.??"]
[WhiteTeam "SK Turm Kleve 1974 e.V."]
[BlackTeam "SV Lahn Limburg"]

1. d4 g6 2. c4 Bg7 3. Nf3 d6 4. g3 Nf6 5. Bg2 O-O 6. O-O c6 7. Qc2 Bf5 8. Qb3
Qc8 9. Rd1 Na6 10. Nc3 Rb8 11. Nh4 Bg4 12. f3 Bh3 13. e4 Bxg2 14. Nxg2 Nd7 15.
Be3 Re8 16. a3 Qc7 17. Rac1 Ra8 18. Qc2 Nf8 19. b4 Nb8 20. Bf2 Nbd7 21. Rb1 Ne6
22. f4 Qc8 23. h3 c5 24. bxc5 dxc5 25. d5 Nd4 26. Qd3 e5 27. dxe6 Rxe6 28. e5
Rxe5 29. Nd5 Re8 30. Re1 Rxe1+ 31. Rxe1 Qd8 32. Kh1 Nb6 33. Nge3 Nxd5 34. Nxd5
Qd7 35. Kh2 Re8 36. Bxd4 cxd4 37. Rb1 b6 38. Rf1 Qe6 39. Rf2 Qe4 40. Qb3 Qe1
41. Rg2 Re2 42. Qd3 Rxg2+ 43. Kxg2 h6 44. h4 f5 45. Kf3 Qh1+ 46. Kf2 Kf7 47.
Qb3 Ke6 48. Qa4 Qh2+ 49. Kf3 Qh1+ 1/2-1/2

[Event "Karnevals-Open"]
[Site "Solingen"]
[Date "2012.02.17"]
[Round "1.15"]
[White "Conrad, Joachim"]
[Black "Pitz, Marko"]
[Result "1-0"]
[WhiteElo "2086"]
[BlackElo "1690"]
[PlyCount "61"]
[EventDate "2012.??.??"]
[WhiteTeam "Velberter SG 192"]
[BlackTeam "Greifswalder SV"]

1. d4 e5 2. d5 f5 3. c4 Nf6 4. Qc2 Bc5 5. e3 O-O 6. Nc3 d6 7. h3 Ne4 8. Nf3 c6
9. Bd2 Na6 10. a3 cxd5 11. Nxd5 Bd7 12. b4 Bb6 13. Be2 Rc8 14. Rd1 Qe8 15. Nxb6
axb6 16. Qb2 Qg6 17. Rg1 Nc7 18. Bc3 Nb5 19. Bxe5 Na7 20. Bh2 Nc6 21. Qa1 Rcd8
22. Bf4 Qe6 23. g3 Rfe8 24. g4 Re7 25. Ng5 Qg6 26. Nxe4 Rxe4 27. Rxd6 Re6 28.
c5 bxc5 29. bxc5 Ne7 30. Bc4 Rc8 31. Bxe6+ 1-0

[Event "Karnevals-Open"]
[Site "Solingen"]
[Date "2012.02.17"]
[Round "1.16"]
[White "Rieger, Isabelle"]
[Black "Besel, Waldemar"]
[Result "1/2-1/2"]
[WhiteElo "1662"]
[BlackElo "2076"]
[PlyCount "87"]
[EventDate "2012.??.??"]
[WhiteTeam "SV Fideler Bauer Lever"]
[BlackTeam "SV Betzdorf-Kirchen"]

1. d4 d5 2. Nf3 Nf6 3. g3 g6 4. Bg2 Bg7 5. O-O O-O 6. c4 c6 7. Nc3 h6 8. Ne1
dxc4 9. e4 Ne8 10. Be3 Kh7 11. Nc2 Nd7 12. Qe2 Nb6 13. Rad1 Qc7 14. Bf4 e5 15.
dxe5 Bxe5 16. Bxe5 Qxe5 17. f4 Qc5+ 18. Kh1 Ng7 19. Rd2 h5 20. Ne3 Re8 21. Re1
Be6 22. e5 Red8 23. Ne4 Qe7 24. Nd6 Rd7 25. Red1 Rad8 26. Rd4 f6 27. exf6 Qxf6
28. Ne4 Qe7 29. Rxd7 Rxd7 30. Rxd7 Nxd7 31. Ng5+ Kg8 32. Nxc4 Qf6 33. Nxe6 Qxe6
34. Qxe6+ Nxe6 35. Bh3 Ndf8 36. Na5 Nd8 37. Bg2 Kf7 38. Kg1 Ke6 39. Kf2 Kd6 40.
Nb3 c5 41. Ke3 b6 42. Be4 Ke6 43. Nc1 Kf6 44. Nd3 1/2-1/2

[Event "Karnevals-Open"]
[Site "Solingen"]
[Date "2012.02.17"]
[Round "1.17"]
[White "Turco, Alfonso"]
[Black "Rist, Kurt"]
[Result "1-0"]
[WhiteElo "2074"]
[BlackElo "1662"]
[PlyCount "75"]
[EventDate "2012.??.??"]
[WhiteTeam "Satranc Club 2000"]
[BlackTeam "Schachgesellschaft Solingen e.V."]

1. b3 c5 2. Bb2 Nc6 3. e4 e5 4. Ne2 d6 5. g3 Bg4 6. Bg2 Nd4 7. Bxd4 cxd4 8. h3
Be6 9. c3 Qb6 10. cxd4 exd4 11. d3 Rc8 12. O-O Ne7 13. f4 f5 14. Kh2 h5 15. h4
g6 16. Nd2 Bg7 17. Rb1 O-O 18. Nf3 fxe4 19. dxe4 Bg4 20. Qd2 Nc6 21. b4 a6 22.
a4 Rfe8 23. a5 Qa7 24. Ng5 d5 25. e5 Bf5 26. Bxd5+ Kf8 27. Nh7+ Ke7 28. Rbd1 d3
29. Nc1 Nd4 30. Qe3 Rc2+ 31. Kh1 Re2 32. Qg1 Rc8 33. Nb3 Rc4 34. Rc1 Rxb4 35.
Rc7+ Bd7 36. Nc5 d2 37. Rxd7+ Ke8 38. Bf7# 1-0

[Event "Karnevals-Open"]
[Site "Solingen"]
[Date "2012.02.17"]
[Round "1.18"]
[White "Boschek, Dr. Hans-Joachim"]
[Black "Probst, Andreas"]
[Result "0-1"]
[WhiteElo "1900"]
[BlackElo "2043"]
[PlyCount "100"]
[EventDate "2012.??.??"]
[WhiteTeam "SV 1922 Hilden"]
[BlackTeam "Düsseldorfer SK 14/25 e."]

1. Nf3 Nf6 2. g3 g6 3. Bg2 Bg7 4. c4 O-O 5. O-O d6 6. d3 e5 7. Nc3 Nc6 8. Bg5
h6 9. Bd2 Ne8 10. Qc1 Kh7 11. Ne1 f5 12. f4 Be6 13. Nd5 Qd7 14. Bc3 Nd4 15.
Bxd4 exd4 16. Nb4 c6 17. Nbc2 d5 18. b3 c5 19. Nf3 Rc8 20. Na3 Nc7 21. Qd2 b5
22. Nxb5 Nxb5 23. cxb5 Qxb5 24. Rab1 Rfd8 25. Kh1 Qa6 26. Rfe1 c4 27. bxc4 dxc4
28. dxc4 Rxc4 29. Ne5 Bxe5 30. fxe5 Ra4 31. Rb7+ Rd7 32. Reb1 g5 33. Rxd7+ Bxd7
34. Rb7 Qe6 35. Qc2 Kg6 36. Rxd7 Qxd7 37. Bc6 Rxa2 38. Qxa2 Qxc6+ 39. Kg1 Qc1+
40. Kg2 Qc6+ 41. Kf2 Qh1 42. Qe6+ Kh5 43. Qxf5 Qxh2+ 44. Kf3 Qh1+ 45. Kf2 Qd5
46. Qf6 d3 47. exd3 Qxd3 48. Qd6 Qc2+ 49. Ke3 Qb3+ 50. Kf2 Qb6+ 0-1

[Event "Karnevals-Open"]
[Site "Solingen"]
[Date "2012.02.17"]
[Round "1.19"]
[White "Hobusch, Jan"]
[Black "Hanke, Stefan"]
[Result "0-1"]
[WhiteElo "2036"]
[BlackElo "1840"]
[PlyCount "82"]
[EventDate "2012.??.??"]
[WhiteTeam "SG Solingen e.V."]
[BlackTeam "SC Solingen 1928 e.V."]

1. d4 g6 2. Bf4 Bg7 3. e3 d5 4. Nf3 Nf6 5. Be2 O-O 6. O-O Nbd7 7. h3 b6 8. Nbd2
Bb7 9. Bh2 Rc8 10. b4 c5 11. bxc5 bxc5 12. Rb1 Bc6 13. c3 c4 14. Qc2 Qa5 15.
Rfc1 Rfe8 16. Qb2 Bf8 17. Ne5 Ba4 18. Bd1 Bxd1 19. Rxd1 Nxe5 20. Bxe5 Nd7 21.
Qb5 Qxb5 22. Rxb5 f6 23. Bg3 Nb6 24. Ra5 e5 25. dxe5 fxe5 26. Rxa7 d4 27. Ne4
Bg7 28. Nd6 Ra8 29. Nxe8 Rxe8 30. Rc7 d3 31. e4 Na4 32. Rd2 Bh6 33. f4 exf4 34.
Be1 Rxe4 35. Kf1 Bg7 36. Ra7 Nc5 37. Rb2 Rxe1+ 38. Kxe1 Bxc3+ 39. Kd1 Bxb2 40.
Rc7 Bd4 41. a4 c3 0-1

[Event "Karnevals-Open"]
[Site "Solingen"]
[Date "2012.02.17"]
[Round "1.20"]
[White "Hollender, Christoph"]
[Black "Schmidt, Kai-Uwe"]
[Result "1/2-1/2"]
[WhiteElo "1831"]
[BlackElo "2031"]
[PlyCount "147"]
[EventDate "2012.??.??"]
[WhiteTeam "SV Blau-Weiß Concordia 07/24 Vie"]
[BlackTeam "Klub Kölner SF e.V. 1"]

1. d4 Nf6 2. Nf3 g6 3. c4 Bg7 4. Nc3 O-O 5. e4 d6 6. h3 Na6 7. Be3 e5 8. Qd2
exd4 9. Nxd4 Re8 10. Bd3 Nc5 11. f3 c6 12. Bc2 Qe7 13. Nb3 Be6 14. Nxc5 dxc5
15. Bd3 Rad8 16. Qc2 Nh5 17. O-O-O Bd4 18. Qd2 Be5 19. Qc2 Nf4 20. Bf1 Rxd1+
21. Nxd1 Bc8 22. g3 Nh5 23. g4 Nf4 24. Nf2 Ne6 25. Nd3 Bd4 26. Bd2 Bg7 27. Be3
Bd4 28. Bd2 Bg7 29. Be3 Nd4 30. Qf2 b6 31. Ne1 Qf6 32. Bxd4 cxd4 33. Bd3 Qf4+
34. Qd2 Qd6 35. Kc2 b5 36. Kb1 Be6 37. cxb5 cxb5 38. Nc2 a6 39. h4 Be5 40. h5
Bf4 41. Qb4 Rd8 42. hxg6 hxg6 43. Rd1 Qb6 44. Be2 Be5 45. Ne1 Rc8 46. Nc2 Bxa2+
47. Kxa2 Rxc2 48. Qe7 Qe6+ 49. Qxe6 fxe6 50. Re1 Bg3 51. Bd3 Rd2 52. Rg1 Be5
53. Bb1 d3 54. Rf1 Rxb2+ 55. Ka3 Rd2 56. Kb4 Bc7 57. Kc3 Ba5+ 58. Kd4 Bb6+ 59.
Kc3 Rf2 60. Rxf2 Bxf2 61. Kxd3 e5 62. Ba2+ Kg7 63. Bd5 Kf6 64. Bb7 a5 65. Bc6
b4 66. Ba4 Kg5 67. Bb3 Kf4 68. Ke2 Bd4 69. Ba4 Bg1 70. Bb3 Bd4 71. Ba4 Bb2 72.
Bb3 Kg5 73. Kd3 Kf4 74. Ke2 1/2-1/2

[Event "Karnevals-Open"]
[Site "Solingen"]
[Date "2012.02.17"]
[Round "1.22"]
[White "Surguchov, Alexander"]
[Black "Jakob, Matthias"]
[Result "0-1"]
[WhiteElo "1640"]
[BlackElo "2005"]
[PlyCount "92"]
[EventDate "2012.??.??"]
[WhiteTeam "Verein f. Sport u. Freizeit v. 1"]
[BlackTeam "Sportgemeinschaft Kaarst 1912/35"]

1. e4 e6 2. d4 d5 3. e5 c5 4. c3 Nc6 5. Nf3 Nh6 6. a3 f6 7. b4 cxd4 8. cxd4 a6
9. Bb2 Be7 10. Bd3 O-O 11. O-O Nf7 12. Qc2 h6 13. Bh7+ Kh8 14. Nh4 f5 15. Ng6+
Kxh7 16. Nxf8+ Qxf8 17. Re1 Bd7 18. g4 Ng5 19. Kg2 Rc8 20. Qd3 g6 21. gxf5 exf5
22. Nc3 Be6 23. f4 Ne4 24. Nxe4 fxe4 25. Qg3 Qf5 26. Rg1 Nxb4 27. axb4 Rc2+ 28.
Kh1 Rxb2 29. Rac1 Bd8 30. Rb1 Rxb1 31. Rxb1 e3 32. Re1 Qe4+ 33. Kg1 Bb6 34. Qg2
Qxg2+ 35. Kxg2 Bxd4 36. Kf3 Bb6 37. Rc1 d4 38. Rg1 d3 39. Rd1 e2 40. Rxd3 e1=N+
41. Ke2 Nxd3 42. Kxd3 Bg1 43. h4 h5 44. Ke4 Bf2 45. Kf3 Bxh4 46. Kg2 Be7 0-1

[Event "Karnevals-Open"]
[Site "Solingen"]
[Date "2012.02.17"]
[Round "1.23"]
[White "Schülke, Tilman"]
[Black "Porstmann, Jan"]
[Result "1-0"]
[WhiteElo "2005"]
[BlackElo "1632"]
[PlyCount "43"]
[EventDate "2012.??.??"]
[WhiteTeam "Düsseldorfer SV 1854"]
[BlackTeam "SG Solingen e.V."]

1. g3 e5 2. Bg2 d5 3. d3 Nc6 4. Nf3 Bc5 5. O-O Bb6 6. c3 Nge7 7. e4 O-O 8. Qc2
f5 9. exd5 Nxd5 10. Re1 Qd6 11. Nbd2 Qc5 12. Re2 Bd7 13. Nc4 Rae8 14. b4 Qe7
15. Nfxe5 Qe6 16. a4 Nxc3 17. Qxc3 Bd4 18. Qa3 Nxe5 19. Nxe5 Bxe5 20. d4 Qf6
21. dxe5 Rxe5 22. Bb2 1-0

[Event "Karnevals-Open"]
[Site "Solingen"]
[Date "2012.02.17"]
[Round "1.24"]
[White "Özlügedik, Mustafa"]
[Black "Schwarz, Eduard"]
[Result "0-1"]
[WhiteElo "1586"]
[BlackElo "2002"]
[PlyCount "64"]
[EventDate "2012.??.??"]
[WhiteTeam "Ohligser Turnverein 1888 e.V."]
[BlackTeam "SG Turm Idstein"]

1. d4 Nf6 2. Nf3 e6 3. e3 d5 4. Bd3 Nbd7 5. O-O Bd6 6. Nbd2 O-O 7. e4 dxe4 8.
Nxe4 Nxe4 9. Bxe4 h6 10. c3 Nf6 11. Bc2 b6 12. Re1 Bb7 13. Ne5 c5 14. Bf4 cxd4
15. Qxd4 Bc5 16. Qc4 Rc8 17. Qe2 Qd5 18. Nf3 Ng4 19. Bg3 Rfd8 20. h3 Nf6 21.
Rad1 Qc6 22. Bd3 a5 23. Bb5 Qe4 24. Bd3 Qxe2 25. Bxe2 Ne4 26. Kf1 Nxg3+ 27.
fxg3 Kf8 28. Bb5 Ke7 29. Ne5 Bd6 30. Re3 Rc5 31. Rxd6 Rxd6 32. Nc4 Rxb5 0-1

[Event "Karnevals-Open"]
[Site "Solingen"]
[Date "2012.02.17"]
[Round "1.25"]
[White "Peter, Sebastian"]
[Black "Runte, Dirk"]
[Result "1-0"]
[WhiteElo "1997"]
[BlackElo "1576"]
[PlyCount "73"]
[EventDate "2012.??.??"]
[WhiteTeam "Gütersloher SV von 192"]
[BlackTeam "SF Schlebusch"]

1. e4 c5 2. Nf3 d6 3. d4 cxd4 4. Nxd4 Nf6 5. Nc3 g6 6. Be3 Bg7 7. f3 O-O 8. Qd2
Nc6 9. O-O-O Bd7 10. h4 h5 11. Bh6 Nxd4 12. Bxg7 Nb3+ 13. cxb3 Kxg7 14. Kb1 Qa5
15. Qd4 Kg8 16. b4 Qc7 17. Rc1 Qd8 18. Be2 Be6 19. g4 a5 20. b5 Rc8 21. g5 Nd7
22. f4 Qb6 23. Qd2 Nc5 24. Rcf1 a4 25. f5 Bd7 26. Qd4 Qa5 27. Nd5 Rfe8 28. fxg6
fxg6 29. Bc4 Ne6 30. Nf4 Rxc4 31. Qxc4 Rc8 32. Qd5 Rc5 33. Nxe6 Rxd5 34. Rf8+
Kh7 35. exd5 Bxb5 36. Rc1 Bd7 37. Rcf1 1-0

[Event "Karnevals-Open"]
[Site "Solingen"]
[Date "2012.02.17"]
[Round "1.26"]
[White "Becker, Carsten"]
[Black "Schwarz, Ingo"]
[Result "0-1"]
[WhiteElo "1559"]
[BlackElo "1992"]
[PlyCount "98"]
[EventDate "2012.??.??"]
[WhiteTeam "Stift. Bahn-Sozialwerk Schachgr."]
[BlackTeam "FS 98 Dortmund"]

1. e4 d5 2. exd5 Qxd5 3. Nc3 Qa5 4. Bc4 c6 5. d3 Nf6 6. Bd2 Qc7 7. Qe2 Bf5 8.
Nf3 e6 9. Nd4 Be7 10. Nxf5 exf5 11. O-O-O O-O 12. Rhe1 Bd6 13. Qf3 g6 14. Bh6
Re8 15. Rxe8+ Nxe8 16. Re1 Ng7 17. Qe3 Nd7 18. g3 b5 19. Bb3 a5 20. a4 b4 21.
Ne2 Re8 22. Qd4 Be5 23. Qc4 Nb6 24. Qc5 Bd6 25. Qd4 Be5 26. Qc5 Bd6 27. Qd4 Ne6
28. Bxe6 fxe6 29. Qf6 Be5 30. Qg5 Nxa4 31. d4 Bg7 32. Bxg7 Qxg7 33. b3 Nb6 34.
Nf4 Qxd4 35. Rxe6 Qa1+ 36. Kd2 Qc3+ 37. Kc1 Rxe6 38. Nxe6 Qe1+ 39. Kb2 Qe5+ 40.
Kb1 Qe1+ 41. Ka2 Nd5 42. Qd8+ Kf7 43. Ng5+ Kg7 44. Qd7+ Qe7 45. Qxc6 Nc3+ 46.
Kb2 Qxg5 47. Qc7+ Kh6 48. Qd6 Ne4 49. Qf8+ Kh5 0-1